Normal view MARC view

Entry Nombre de reunión

Number of records used in: 12

001 - NÚMERO DE CONTROL

  • campo de control: 707

003 - IDENTIFICADOR DE NÚMERO DE CONTROL

  • campo de control: OSt

005 - FECHA Y HORA DE LA ÚLTIMA TRANSACCIÓN

  • campo de control: 20230222191716.0

008 - ELEMENTOS DE DATO DE LONGITUD-FIJA

  • campo de control de longitud fija: 060126 n acnnnaaan n ann d

040 ## - FUENTE DE CATALOGACIÓN

  • Centro catalogador/agencia de origen: OSt
  • Centro/agencia transcriptor: OSt

111 2# - ENCABEZAMIENTO--NOMBRE DE CONGRESO/REUNIÓN

  • Nombre de congreso/reunión o jurisdicción como elemento de entrada: Exposición Nacional de Minería, Artes Metalúrgicas, Cerámica, Cristalería y Aguas Minerales (
  • Fecha del congreso o de la firma del tratado: 1883.
  • Sede del congreso/Lugar de la reunión: Madrid)

411 2# - TRAZADO DE VÉASE--NOMBRE DE CONGRESO/REUNIÓN

  • Nombre de congreso/reunión o jurisdicción como elemento de entrada: Exposición de Minería.
  • Fecha del congreso o de la firma del tratado: Madrid.
  • Sede del congreso/Lugar de la reunión: 1883)